EFFECTS OF STRATEGIC PLANNING PERSPECTIVES ON PERFORMANCEIN MEDIUM ENTERPRISES IN ELDORET TOWN, UASIN GISHU COUNTY (Record no. 216058)
[ view plain ]
| 000 -LEADER | |
|---|---|
| fixed length control field | 00468nam a22001457a 4500 |
| 008 - FIXED-LENGTH DATA ELEMENTS--GENERAL INFORMATION | |
| fixed length control field | 250901b |||||||| |||| 00| 0 eng d |
| 100 ## - MAIN ENTRY--PERSONAL NAME | |
| Personal name | MURUNGI STELLA K. |
| 245 ## - TITLE STATEMENT | |
| Title | EFFECTS OF STRATEGIC PLANNING PERSPECTIVES ON PERFORMANCEIN MEDIUM ENTERPRISES IN ELDORET TOWN, UASIN GISHU COUNTY |
| 260 ## - PUBLICATION, DISTRIBUTION, ETC. | |
| Place of publication, distribution, etc. | KISII |
| Name of publisher, distributor, etc. | KISII UNIVERSITY |
| Date of publication, distribution, etc. | 2016 |
| 300 ## - PHYSICAL DESCRIPTION | |
| Extent | XV,97P. |
| 500 ## - GENERAL NOTE | |
| General note | INCLUDES AN INDEX |
| 650 ## - SUBJECT ADDED ENTRY | |
| Topical term or geographic name entry element | STRATEGIC PLANNING |
| 942 ## - ADDED ENTRY ELEMENTS (KOHA) | |
| Source of classification or shelving scheme | Library of Congress Classification |
| Koha item type | Reference |
| Withdrawn status | Lost status | Source of classification or shelving scheme | Damaged status | Not for loan | Collection | Home library | Current library | Shelving location | Date acquired | Inventory number | Total checkouts | Full call number | Barcode | Date last seen | Copy number | Price effective from | Koha item type |
|---|---|---|---|---|---|---|---|---|---|---|---|---|---|---|---|---|---|
| Library of Congress Classification | Business & Economics | Kisii University Library | Kisii University Library | On Display | 09/01/2025 | 108026 | THE HD 62.7 .M37 2016 | 000000020163 | 09/01/2025 | C.2 | 09/01/2025 | Reference | |||||
| Library of Congress Classification | Business & Economics | Kisii University Library | Kisii University Library | On Display | 09/04/2025 | 108022 | THE HD 62.7 .M87 2016 | 000000014749 | 09/04/2025 | C.1 | 09/04/2025 | Reference |